000 00274nam a22001217a 4500
008 181008b xxu||||| |||| 00| 0 eng d
041 _aeng
080 _a610
100 _a4
101 _aSHM
245 _aThe Principles and Practice of Medicine
_cHarvey
942 _2udc
_cBK
999 _c49077
_d49077